000 00700 a2200181 4500
999 _c2765
_d2765
020 _a0395708087 (pbk.)
050 0 0 _aLB 1051 SEI 1999
100 1 _aSeifert, Kelvin
_eAuthor
245 1 0 _aConstructing a psychology of teaching and learning /
_cKelvin L. Seifert.
264 _aUnited States of America:
_bHoughton Mifflin,
_c1999
300 _axxxii, 505p. :
_bill.
500 _aIncludes bibliographical references and indexes.
504 _aIncludes bibliographical references and indexes.
650 0 _aEducational psychology.
650 0 _aLearning-- Psychology
942 _2lcc
_cBK
_h1051
_iSEI
_kLB